| 000 | 01475cam a22004454i 4500 | ||
|---|---|---|---|
| 003 | PE-LiUPU | ||
| 005 | 20250731173259.0 | ||
| 008 | 150625s xxua r 000 0 eng d | ||
| 035 | _a(Sirsi) a36038 | ||
| 040 |
_aPE-LiUPU _bspa _cPE-LiUPU _erda |
||
| 082 | 0 | 4 |
_a220.5951 _bB12 _221 |
| 130 |
_aBiblia. _lChino. _f1908. _sTerm Shangti. |
||
| 212 | _aXīn jiù yuē quánshū | ||
| 242 | _aAntiguo y Nuevo Testamento | ||
| 245 | 1 | 1 | _a[Biblia en Chino]. |
| 264 | 1 |
_aEstados Unidos : _bChina Bible House, _c |
|
| 300 |
_a1080 páginas : _bilustraciones, mapas ; _c19 centímetros |
||
| 336 |
_atext _2rdacontent |
||
| 337 |
_aunmediated _2rdamedia |
||
| 338 |
_avolume _2rdacarrier |
||
| 505 | 0 | _aBiblia en Chino. | |
| 526 | _aSEG42 | ||
| 526 | _aSEG41 | ||
| 526 | _aSEG40 | ||
| 526 | _aSEG39 | ||
| 526 | _aP94 | ||
| 526 | _aP87 | ||
| 526 | _aP86 | ||
| 526 | _aP85 | ||
| 526 | _aP77 | ||
| 526 | _aP76 | ||
| 526 | _aP35 | ||
| 630 | 0 | 4 |
_aBiblia. _lChino. _f1908. _sTerm Shangti. |
| 910 |
_baj _cnm _d20050511 |
||
| 942 |
_2ddc _cBOOK |
||
| 949 |
_a220.5951 B12 _wDEWEY _c1 _i53991 _lCCODEBUL1 _mBUL _p10 _r0 _sY _tBOOK _u2015-06-25 _xTEOLOGIA _zUNKNOWN _0COMPRA _o.STAFF. Colección Teología |
||
| 596 | _a1 | ||
| 999 |
_a220.5951 B12 _wDEWEY _c44067 _i53991 _d44067 _e2018-10-5 _f2021-11-9 _g5 _lCCODEBUL1 _mBUL _n2 _p20.00 _q1 _r0 _sY _tBOOK _u2015-6-25 _xTEOLOGIA _PP35 _0COMPRA _o.STAFF. Colección Teología |
||
| 980 |
_81 _gALBERTO SANCHEZ Responsable de Automatización |
||